| 000 | 00784nam a22002057a 4500 | ||
|---|---|---|---|
| 999 |
_c3874 _d3874 |
||
| 003 | AR-CdUCM | ||
| 008 | 190307b ||||| |||| 00| 0 spa d | ||
| 040 |
_aMUNICIPALIDAD PROVINCIAL DEL CUSCO _cBIBLIOTECA MUNICIPAL DEL CUSCO |
||
| 082 |
_a869.56 / _bH41 |
||
| 100 |
_aHeraud Pérez, Cecilia _912446 |
||
| 245 |
_aVida y muerte de Javier Heraud : _bRecuerdos, testimonios y documentos / |
||
| 260 |
_aLima : _bMosca Azul Editores, _c1989. |
||
| 300 |
_a237 paginas ; _c21 cm. |
||
| 505 | _aContenido :Recuerdos familiares -- Mi casa muerta -- Viaje a Europa -- Actividades políticas -- Disparo con su fusil rayos de esperanza ... | ||
| 650 |
_aPoetas peruanos _91611 |
||
| 650 |
_aBiografías _9148 |
||
| 650 |
_aLiteratura peruana _9169 |
||
| 942 |
_2ddc _cLIBROS |
||
| 945 | _arum | ||